000 01026nam a22003257a 4500
001 024
003 DO-SdBPM
005 20250903082500.0
007 ta
008 150929b 2011 ck a | |||| 00| 0 spa d
020 _a9781894551175
040 _aDO-SdBPM
_bspa
_cBPMSU
_erda
082 4 _a823.91
_bW776p 2011
_222
100 1 _aSzwarcberg, Sergio
245 0 0 _aWinnie the Pooh
_bDisney /
_cSergio Szwarcberg
246 1 8 _aMi primer libro con rompecabezas
264 _aChina :
_bDishey Enterprises,
_c2011
300 _a10 páginas :
_bilustraciones ;
_c20 cm.
336 _atexto
_btxt
_2rdacontent
337 _asin mediación
_bn
_2rdamedia
338 _avolumen
_bnc
_2rdacarrier
500 _aContiene 5 rompecabezas de 9 piezas en goma EVA
590 _aInventariado, 2025/VM
650 7 _aCuentos infantiles
650 7 _aRompecabezas
_vCuentos infantiles.
650 7 _aLibros ilustrados para niños
710 2 _aDisney Enterprises
910 _aVMateo V. Control de calidad. BPMSU
942 _2ddc
_cBK
999 _c8310
_d8310